000
00235nam a2200097Ia 4500
008
240625s9999 xx 000 0 und d
041
_a
eng
082
_a
658.404 MIC
100
_a
MICROSOFT
245
_a
MICROSOFT OFFICE PROJECT SERVER 2003
999
_c
33544
_d
33544